[Event "Bayview Games Club #12"]
[Site "Toronto CAN"]
[Date "2003.09.15"]
[Round "4"]
[White "Cohen, David"]
[Black "Hyman, Jonathan"]
[Result "1-0"]
[WhiteElo "1892"]
[BlackElo "1723"]
[PlyCount "81"]
[EventDate "2003.08.25"]
[EventType "tourn"]
[EventRounds "5"]
[EventCountry "CAN"]

1. e4 Nf6 2. e5 Nd5 3. d4 d6 4. c4 Nb6 5. exd6 cxd6 6. Bf4 g6 7. Nd2 Bg7 8.
Ngf3 O-O 9. Be2 Nc6 10. Nb3 e5 11. dxe5 dxe5 12. Be3 Be6 13. Qxd8 Rfxd8 14.
Bxb6 axb6 15. O-O e4 16. Ng5 Bf5 17. g4 h6 18. gxf5 hxg5 19. fxg6 fxg6 20. Rfb1
Nb4 21. a3 Nd3 22. Ra2 Nxb2 23. Rbxb2 Bxb2 24. Rxb2 Rxa3 25. Nd2 e3 26. Ne4
exf2+ 27. Kxf2 Rf8+ 28. Kg2 Rfa8 29. Rxb6 Ra2 30. Ng3 Kg7 31. Rxb7+ Kh6 32. Kh3
R8a3 33. Bg4 Re3 34. Bd7 Rc3 35. Be6 Rcc2 36. Nf1 Ra1 37. Ng3 g4+ 38. Kxg4 Rxh2
39. Bg8 Rh4+ 40. Kxh4 g5+ 41. Kg4 1-0

[Event "Bayview Games Club #12"]
[Site "Toronto CAN"]
[Date "2003.09.22"]
[Round "5"]
[White "Verde, Pino"]
[Black "Cohen, David"]
[Result "0-1"]
[WhiteElo "1718"]
[BlackElo "1892"]
[PlyCount "128"]
[EventDate "2003.08.25"]
[EventType "tourn"]
[EventRounds "5"]
[EventCountry "CAN"]

1. e4 c5 2. Nf3 d6 3. d3 g6 4. Nbd2 Bg7 5. c3 Nc6 6. g3 Bd7 7. Bg2 Rb8 8. h4 h5
9. Nf1 Nf6 10. Ne3 O-O 11. Bd2 b5 12. O-O b4 13. Qc2 bxc3 14. bxc3 Qc7 15. d4
cxd4 16. cxd4 Rfc8 17. Rfc1 Qd8 18. Qd3 Ng4 19. Rab1 Rxb1 20. Rxb1 Rb8 21. Bc3
Rxb1+ 22. Qxb1 Nxe3 23. fxe3 Qc7 24. Qb3 Bh6 25. Kf2 Bg4 26. Qc4 Bxf3 27. Bxf3
Qb6 28. Bd1 e5 29. Bb3 Nd8 30. Qa4 Qc6 31. Qxc6 Nxc6 32. Ba4 exd4 33. exd4 Nd8
34. Kf3 Ne6 35. Bd7 Bg7 36. Ke3 Kf8 37. Bxe6 fxe6 38. Bb4 Ke7 39. e5 Kd7 40.
Bxd6 Kc6 41. Ke4 Bh6 42. Bb4 Bg7 43. a4 Bh6 44. Bc3 Bc1 45. Be1 Bh6 46. Bf2 a6
47. Be3 Bf8 48. Bd2 Bg7 49. Be3 Bf8 50. Kf3 Kd5 51. g4 Be7 52. gxh5 gxh5 53.
Bg5 Bb4 54. Ke3 Bc3 55. Bf6 Bxd4+ 56. Kf4 Bb2 57. Kg5 Bxe5 58. Bd8 Ke4 59. a5
Bf4+ 60. Kxh5 Kf5 61. Bg5 e5 62. Be7 e4 63. Bb4 e3 64. Be1 e2 0-1

[Event "Bayview Games Club #12"]
[Site "Toronto CAN"]
[Date "2003.09.29"]
[Round "2"]
[White "Cohen, David"]
[Black "Ollers, Ian"]
[Result "1-0"]
[WhiteElo "1892"]
[BlackElo "1739"]
[PlyCount "61"]
[EventDate "2003.08.25"]
[EventType "tourn"]
[EventRounds "5"]
[EventCountry "CAN"]

1. e4 c5 2. Nf3 d6 3. d4 cxd4 4. Nxd4 Nf6 5. Nc3 a6 6. Bg5 e6 7. Be2 Be7 8. Qd2
O-O 9. O-O Qc7 10. Rad1 b5 11. a3 Bb7 12. Bf3 Nbd7 13. g3 Ne5 14. Bg2 Nc4 15.
Qc1 Nxa3 16. f4 Nc4 17. Bxf6 Bxf6 18. Kh1 Rac8 19. Nce2 Rfd8 20. g4 Qc5 21. g5
Be7 22. Rd3 g6 23. Ng3 Bf8 24. Rfd1 Bg7 25. c3 Na5 26. b4 Qxb4 27. cxb4 Rxc1
28. Rxc1 Bxd4 29. Rxd4 Nb3 30. Rdd1 Nxc1 31. Rxc1 1-0

[Event "Bohatirchuk mem."]
[Site "Toronto CAN"]
[Date "2003.08.11"]
[Round "1"]
[White "Livshits, Ron"]
[Black "Cohen, David"]
[Result "1-0"]
[WhiteElo "2417"]
[BlackElo "1891"]
[PlyCount "49"]
[EventDate "2003.08.11"]
[EventType "swiss"]
[EventRounds "5"]
[EventCountry "CAN"]

1. d4 Nf6 2. c4 c5 3. d5 b5 4. cxb5 a6 5. bxa6 Bxa6 6. Nc3 d6 7. Nf3 g6 8. e4
Bxf1 9. Kxf1 Bg7 10. g3 O-O 11. Kg2 Qb6 12. Re1 Nfd7 13. Re2 Na6 14. Bg5 Rfe8
15. Rc1 Nc7 16. b3 Nb5 17. Nxb5 Qxb5 18. Bf4 Ra3 19. Rcc2 Qa6 20. h4 h6 21. Qd2
Kh7 22. e5 Ra8 23. e6 fxe6 24. Rxe6 Bf8 25. Bxh6 1-0

[Event "Bohatirchuk mem."]
[Site "Toronto CAN"]
[Date "2003.08.13"]
[Round "3"]
[White "Cohen, David"]
[Black "Palmer, Jordan"]
[Result "0-1"]
[WhiteElo "1891"]
[BlackElo "1989"]
[PlyCount "70"]
[EventDate "2003.08.11"]
[EventType "swiss"]
[EventRounds "5"]
[EventCountry "CAN"]

1. e4 c5 2. Nf3 Nc6 3. d4 cxd4 4. Nxd4 e5 5. Nb5 Nf6 6. Bd3 a6 7. N5c3 Bc5 8.
O-O d6 9. Bg5 h6 10. Bh4 g5 11. Bg3 Bg4 12. Be2 Bxe2 13. Qxe2 Nd4 14. Qd3 b5
15. Nd2 h5 16. h3 h4 17. Bh2 g4 18. Kh1 Qd7 19. Ne2 Nxe2 20. Qxe2 gxh3 21. gxh3
Qxh3 22. Rg1 Nh5 23. Nf1 Ng3+ 24. fxg3 Bxg1 25. Kxg1 hxg3 26. Nxg3 O-O-O 27. a4
Rdg8 28. Qg2 Qd7 29. axb5 Qxb5 30. Qf1 Qc5+ 31. Kg2 Qxc2+ 32. Kf3 Qb3+ 33. Kg2
Rxh2+ 34. Kxh2 Qxg3+ 35. Kh1 Rh8+ 0-1

[Event "Bohatirchuk mem."]
[Site "Toronto CAN"]
[Date "2003.08.15"]
[Round "4"]
[White "Henderson, Fred"]
[Black "Cohen, David"]
[Result "0-1"]
[WhiteElo "1880"]
[BlackElo "1891"]
[PlyCount "68"]
[EventDate "2003.08.11"]
[EventType "swiss"]
[EventRounds "5"]
[EventCountry "CAN"]

1. d4 g6 2. c4 c5 3. Nf3 cxd4 4. Nxd4 Bg7 5. Nc3 Nc6 6. e3 Nf6 7. Be2 O-O 8.
O-O d6 9. b3 Bd7 10. Bb2 a6 11. Nd5 Nxd5 12. cxd5 Nb4 13. Bf3 Rc8 14. a3 Nc2
15. Rb1 Nxd4 16. Bxd4 Qa5 17. Bxg7 Kxg7 18. Qd4+ Kg8 19. Qb2 Qc3 20. Qxc3 Rxc3
21. Rfc1 Rfc8 22. Rxc3 Rxc3 23. Kf1 Bb5+ 24. Ke1 Kg7 25. Kd2 Rc5 26. a4 Bd7 27.
b4 Rc7 28. Bd1 Bf5 29. Rc1 Rxc1 30. Kxc1 Be4 31. Bf3 Bxf3 32. gxf3 Kf6 33. f4
g5 34. fxg5+ Ke5 0-1

[Event "Bohatirchuk mem."]
[Site "Toronto CAN"]
[Date "2003.08.17"]
[Round "5"]
[White "Cohen, David"]
[Black "Henry, Liam"]
[Result "1/2-1/2"]
[WhiteElo "1891"]
[BlackElo "1962"]
[PlyCount "74"]
[EventDate "2003.08.11"]
[EventType "swiss"]
[EventRounds "5"]
[EventCountry "CAN"]

1. e4 c5 2. Nf3 d6 3. d4 cxd4 4. Nxd4 Nf6 5. Nc3 a6 6. Bd3 e5 7. Nb3 Be7 8. O-O
Be6 9. Kh1 O-O 10. f4 Qc7 11. f5 Bc4 12. Bg5 Nbd7 13. Qf3 Rfe8 14. Rae1 b5 15.
a3 Rab8 16. Re3 b4 17. axb4 Rxb4 18. Qe2 Bxb3 19. cxb3 Rxb3 20. Bxa6 Reb8 21.
Nd1 R3b4 22. Rc3 Nc5 23. Bxf6 Bxf6 24. Bc4 Na4 25. Rc2 Qb6 26. b3 Nc5 27. Nc3
Qd8 28. Nd5 R4b7 29. b4 Nd7 30. Qh5 Nb6 31. Nxb6 Qxb6 32. b5 Rc7 33. Rfc1 Qe3
34. Qe2 Bg5 35. Qxe3 Bxe3 36. Bd3 Rxc2 37. Rxc2 Bc5 1/2-1/2

[Event "Brantford op"]
[Site "Brantford CAN"]
[Date "2003.06.22"]
[Round "3"]
[White "Maly, Alexey"]
[Black "Roetteler, Martin"]
[Result "1-0"]
[WhiteElo "2402"]
[BlackElo "2157"]
[PlyCount "91"]
[EventDate "2003.06.22"]
[EventType "swiss"]
[EventRounds "5"]
[EventCountry "CAN"]
[Source "CFC"]
[SourceDate "2003.10.??"]

1. d4 Nf6 2. c4 g6 3. Nc3 Bg7 4. e4 d6 5. Nf3 O-O 6. Be2 e5 7. O-O Nc6 8. d5
Ne7 9. Ne1 Ne8 10. Be3 f5 11. f3 Kh8 12. a4 Ng8 13. a5 Bh6 14. Bf2 Ngf6 15. Nd3
f4 16. c5 g5 17. cxd6 cxd6 18. a6 b6 19. Nb4 Rg8 20. Nc6 Qd7 21. Nb5 g4 22.
Nbxa7 Rxa7 23. Nxa7 Qxa7 24. Qb3 g3 25. Bxb6 Qf7 26. h4 Nc7 27. Bxc7 Qxc7 28.
a7 Bb7 29. Rfc1 Qe7 30. Ba6 Ba8 31. Bc8 Nxe4 32. fxe4 f3 33. Rc4 Qxh4 34. Bh3
fxg2 35. Kxg2 Rf8 36. Qxg3 Rg8 37. Ra3 Rxg3+ 38. Rxg3 Bg5 39. Rg4 Qe1 40. Rc8+
Kg7 41. Rxa8 Kh6 42. Rxg5 Qd2+ 43. Kh1 Qxg5 44. Rf8 Qc1+ 45. Bf1 Qe3 46. a8=Q
1-0

[Event "British Columbia-ch w"]
[Site "Vancouver CAN"]
[Date "2003.06.30"]
[Round "1"]
[White "Cheng, Lesley"]
[Black "Wang, Yamei"]
[Result "0-1"]
[WhiteElo "1372"]
[BlackElo "1943"]
[PlyCount "80"]
[EventDate "2003.06.30"]
[EventType "tourn"]
[EventRounds "6"]
[EventCountry "CAN"]

1. d4 d5 2. c4 e6 3. Nc3 Nf6 4. e3 c6 5. Nf3 Nbd7 6. c5 Be7 7. Be2 O-O 8. O-O
Qc7 9. Nd2 e5 10. f3 Re8 11. b4 b6 12. Bb2 bxc5 13. bxc5 a5 14. Na4 exd4 15.
exd4 Bd8 16. Bd3 Nh5 17. Re1 Rxe1+ 18. Qxe1 Ndf6 19. Nf1 Nf4 20. Bc2 Ba6 21.
Qe5 Qxe5 22. dxe5 Nd7 23. g3 Ne6 24. Bf5 Ndxc5 25. Nxc5 Nxc5 26. Rc1 Bb6 27.
Ba3 Nd3+ 28. Kg2 Nxc1 29. Bxc1 c5 30. Ne3 Rd8 31. e6 Kf8 32. Ba3 d4 33. Nd1
fxe6 34. Bxe6 Re8 35. Bb3 Bb5 36. Kf2 Re2+ 37. Kg1 Ke8 38. Nf2 Re1+ 39. Kg2
Bf1+ 40. Kg1 Bh3# 0-1

[Event "British Columbia-ch w"]
[Site "Vancouver CAN"]
[Date "2003.06.30"]
[Round "1"]
[White "Tang, Tiffany"]
[Black "Goutor, Valentina"]
[Result "0-1"]
[WhiteElo "1551"]
[BlackElo "1801"]
[PlyCount "98"]
[EventDate "2003.06.30"]
[EventType "tourn"]
[EventRounds "6"]
[EventCountry "CAN"]

1. e4 c5 2. Nf3 d6 3. d4 cxd4 4. Nxd4 Nf6 5. Nc3 g6 6. Be3 Bg7 7. f3 O-O 8. Qd2
Nc6 9. O-O-O Nxd4 10. Bxd4 Be6 11. Kb1 a6 12. g4 b5 13. h4 b4 14. Nd5 Bxd5 15.
exd5 a5 16. h5 Qc7 17. h6 Bh8 18. g5 Nd7 19. Bxh8 Kxh8 20. Qd4+ f6 21. f4 Rac8
22. Rh2 Nc5 23. Bh3 Rce8 24. Re1 Kg8 25. f5 Nd7 26. fxg6 hxg6 27. h7+ Kh8 28.
Bxd7 Qxd7 29. Qe4 fxg5 30. Qxg6 Qf5 31. Qe6 Rf6 32. Qxf5 Rxf5 33. Rd1 Ref8 34.
b3 R8f7 35. Kc1 Rxh7 36. Rg2 Rg7 37. Kb2 Kg8 38. c4 g4 39. Rdg1 Rf4 40. Kc2 Kf7
41. Kd3 Kf6 42. Re2 Kg5 43. Reg2 Rh7 44. Rg3 Rh2 45. R3g2 Rxg2 46. Rxg2 Rf7 47.
Ke3 Kh4 48. Ke4 Kh3 49. Rg1 g3 0-1

[Event "British Columbia-ch w"]
[Site "Vancouver CAN"]
[Date "2003.06.30"]
[Round "2"]
[White "Goutor, Valentina"]
[Black "Tang, Tiffany"]
[Result "1-0"]
[WhiteElo "1801"]
[BlackElo "1551"]
[PlyCount "31"]
[EventDate "2003.06.30"]
[EventType "tourn"]
[EventRounds "6"]
[EventCountry "CAN"]

1. e4 c5 2. Nf3 d6 3. d4 cxd4 4. Nxd4 Nf6 5. Nc3 g6 6. Be2 Bg7 7. Be3 O-O 8.
Nb3 Nc6 9. O-O Bd7 10. f4 Re8 11. Bf3 a6 12. a4 Rc8 13. a5 Be6 14. Bb6 Qd7 15.
Nd5 Bg4 16. Nxf6+ 1-0

[Event "British Columbia-ch w"]
[Site "Vancouver CAN"]
[Date "2003.06.30"]
[Round "2"]
[White "Wang, Yamei"]
[Black "Cheng, Lesley"]
[Result "1-0"]
[WhiteElo "1943"]
[BlackElo "1372"]
[PlyCount "121"]
[EventDate "2003.06.30"]
[EventType "tourn"]
[EventRounds "6"]
[EventCountry "CAN"]

1. e4 d6 2. d4 g6 3. Nc3 Bg7 4. Be3 Nc6 5. Nge2 e5 6. d5 Nce7 7. f3 f5 8. Qd2
f4 9. Bf2 g5 10. g3 Ng6 11. Nb5 a6 12. Na3 h5 13. Rg1 h4 14. g4 Nf6 15. c4 b6
16. b4 Nd7 17. Nc2 O-O 18. a4 a5 19. bxa5 Rxa5 20. Nb4 Bb7 21. Nc3 Nc5 22. Bxc5
bxc5 23. Nc2 Bc8 24. Na3 Bd7 25. Nab5 Bxb5 26. cxb5 Qa8 27. Qa2 Qa7 28. Rg2 Ra8
29. Rb2 Qb6 30. Qb3 Nf8 31. Nb1 Nd7 32. Nd2 Qa7 33. Rba2 Nb6 34. Bd3 Qb7 35.
Bc2 Bf6 36. h3 Kf7 37. Ke2 Bd8 38. Kd3 Kf6 39. Kc3 Be7 40. Ra3 Bd8 41. R1a2 Ke7
42. Qb1 Kd7 43. Nb3 Qa7 44. Nxa5 Qxa5+ 45. Kd3 Rb8 46. Rc3 c4+ 47. Rxc4 Nxc4
48. Kxc4 Qb6 49. Qb4 Qd4+ 50. Kb3 Qxb4+ 51. Kxb4 Kc8 52. Bd3 Kb7 53. Rc2 Ka7
54. Rc6 Rb6 55. a5 Rxc6 56. dxc6 Be7 57. Kc4 Kb8 58. b6 Bd8 59. b7 Ka7 60. Kd5
Kb8 61. Ke6 1-0

[Event "British Columbia-ch w"]
[Site "Vancouver CAN"]
[Date "2003.07.01"]
[Round "3"]
[White "Cheng, Lesley"]
[Black "Goutor, Valentina"]
[Result "0-1"]
[WhiteElo "1372"]
[BlackElo "1801"]
[PlyCount "86"]
[EventDate "2003.06.30"]
[EventType "tourn"]
[EventRounds "6"]
[EventCountry "CAN"]

1. d4 Nf6 2. c4 g6 3. Nc3 Bg7 4. e4 d6 5. Nf3 O-O 6. Be2 e5 7. O-O Nc6 8. d5
Ne7 9. Bd2 Ne8 10. Rc1 f5 11. Ng5 h6 12. Ne6 Bxe6 13. dxe6 Qc8 14. b4 Qxe6 15.
exf5 Nxf5 16. Bf3 c6 17. Qe2 Nd4 18. Qd3 Nxf3+ 19. gxf3 Kh7 20. Ne4 Rd8 21. Ng3
Nf6 22. Kh1 Rd7 23. Rg1 Rdf7 24. Rce1 Nd7 25. f4 Qf6 26. Nh5 Qf5 27. Qxf5 Rxf5
28. Nxg7 Kxg7 29. fxe5 Nxe5 30. f4 Nxc4 31. Bc3+ Kf7 32. Rgf1 Re8 33. Rxe8 Kxe8
34. Rg1 Kf7 35. Rd1 Rxf4 36. Bd4 a6 37. Kg1 g5 38. Bf2 Ke6 39. Rc1 Ne5 40. a3
Nd3 41. Rc2 Rxf2 42. Rxf2 Nxf2 43. Kxf2 Ke5 0-1

[Event "British Columbia-ch w"]
[Site "Vancouver CAN"]
[Date "2003.07.01"]
[Round "3"]
[White "Tang, Tiffany"]
[Black "Wang, Yamei"]
[Result "1-0"]
[WhiteElo "1551"]
[BlackElo "1932"]
[PlyCount "123"]
[EventDate "2003.06.30"]
[EventType "tourn"]
[EventRounds "6"]
[EventCountry "CAN"]

1. e4 e5 2. Nf3 Nc6 3. Bb5 Nge7 4. O-O Ng6 5. c3 Be7 6. d4 exd4 7. cxd4 d5 8.
exd5 Qxd5 9. Nc3 Qh5 10. d5 a6 11. Be2 Nce5 12. Nxe5 Qxe5 13. Re1 Qd6 14. Be3
O-O 15. Qc2 Re8 16. Rad1 Nf4 17. Bf3 Qg6 18. Qa4 Nh3+ 19. Kh1 b5 20. Qd4 Bf6
21. Qd2 Bg4 22. Bxg4 Qxg4 23. gxh3 Qf3+ 24. Kg1 Be5 25. Ne2 Qxh3 26. Ng3 Qg4
27. Qe2 Qb4 28. Rd2 g6 29. a3 Qh4 30. Qf3 Rad8 31. Rde2 Bd6 32. Bd2 Rf8 33. Bc3
f5 34. Be5 f4 35. Nf1 Rf5 36. Bxd6 Rxd6 37. Re8+ Kf7 38. R1e7+ Qxe7 39. Rxe7+
Kxe7 40. Qe4+ Kf8 41. Nd2 Rg5+ 42. Kf1 Rf5 43. Nf3 g5 44. Qd4 Kf7 45. Ne5+ Kg8
46. Qe4 Rf8 47. Nc6 Kg7 48. Qe7+ Rf7 49. Qxg5+ Rg6 50. Qe5+ Kh6 51. Ne7 Rg5 52.
Qe6+ Kg7 53. f3 Kf8 54. Nc6 Rh5 55. Qc8+ Kg7 56. Qg4+ Kh6 57. Qe6+ Kg7 58. Ne5
Rff5 59. Qe7+ Kg8 60. Nd7 Rh6 61. Ne5 Rhh5 62. Ng4 1-0

[Event "British Columbia-ch w"]
[Site "Vancouver CAN"]
[Date "2003.07.01"]
[Round "4"]
[White "Goutor, Valentina"]
[Black "Cheng, Lesley"]
[Result "1-0"]
[WhiteElo "1801"]
[BlackElo "1372"]
[PlyCount "67"]
[EventDate "2003.06.30"]
[EventType "tourn"]
[EventRounds "6"]
[EventCountry "CAN"]

1. e4 d6 2. d4 g6 3. f3 Bg7 4. Nc3 Nc6 5. Be3 e5 6. d5 Nce7 7. g4 h5 8. gxh5
Rxh5 9. Qd2 f5 10. O-O-O f4 11. Bf2 g5 12. Nb5 a6 13. Na3 Nf6 14. c4 g4 15. Bg2
gxf3 16. Bxf3 Bg4 17. Qe2 Qd7 18. Kb1 O-O-O 19. c5 Bxf3 20. Nxf3 Qa4 21. Nd2
Rg5 22. cxd6 Rxd6 23. Bc5 Rd7 24. Rc1 Neg8 25. Rc4 Qa5 26. Nb3 Qxc5 27. Rxc5 b6
28. Qxa6+ Kd8 29. Qa8+ Ke7 30. Rc6 f3 31. Rf1 Rg2 32. Rxf3 Rxh2 33. Re6+ Kf7
34. Qe8# 1-0

[Event "British Columbia-ch w"]
[Site "Vancouver CAN"]
[Date "2003.07.01"]
[Round "4"]
[White "Wang, Yamei"]
[Black "Tang, Tiffany"]
[Result "1-0"]
[WhiteElo "1943"]
[BlackElo "1551"]
[PlyCount "45"]
[EventDate "2003.06.30"]
[EventType "tourn"]
[EventRounds "6"]
[EventCountry "CAN"]

1. e4 c5 2. c3 d5 3. exd5 Qxd5 4. d4 Nc6 5. dxc5 Qxd1+ 6. Kxd1 e5 7. Be3 Bf5 8.
Bc4 g6 9. Ne2 Nge7 10. Ng3 Bd7 11. Ne4 Nf5 12. Nf6+ Ke7 13. Bg5 Bg7 14. Nxd7+
Kxd7 15. Bxf7 h6 16. Bxg6 hxg5 17. Bxf5+ Ke7 18. Ke2 Rhf8 19. g4 Rad8 20. Nd2
b6 21. cxb6 axb6 22. Ne4 Bf6 23. Rad1 1-0

[Event "British Columbia-ch w"]
[Site "Vancouver CAN"]
[Date "2003.07.02"]
[Round "5"]
[White "Tang, Tiffany"]
[Black "Cheng, Lesley"]
[Result "1/2-1/2"]
[WhiteElo "1551"]
[BlackElo "1372"]
[PlyCount "118"]
[EventDate "2003.06.30"]
[EventType "tourn"]
[EventRounds "6"]
[EventCountry "CAN"]

1. e4 d6 2. d4 g6 3. Nc3 Bg7 4. Be3 Nc6 5. Qd2 e5 6. Nge2 f5 7. dxe5 Nxe5 8.
Nd4 Qf6 9. exf5 Bxf5 10. Nd5 Qf7 11. Nxf5 gxf5 12. O-O-O Nf6 13. Nxf6+ Bxf6 14.
Kb1 Nc6 15. c3 O-O-O 16. Bd3 Be5 17. Bf4 Bxf4 18. Qxf4 Rhf8 19. Rhe1 Kb8 20.
Re2 h5 21. Rde1 Qg6 22. g3 Qg4 23. Qc4 Qxc4 24. Bxc4 Ne5 25. Bd5 f4 26. Kc2
fxg3 27. hxg3 c6 28. Bg2 Ng4 29. f4 d5 30. Re6 Rh8 31. Bf3 Rdg8 32. Rh1 Kc7 33.
Rh4 Kd7 34. Bxg4 Rxg4 35. Rxg4 Kxe6 36. Rg7 b5 37. Kd3 a5 38. Kd4 Kd6 39. Ra7
a4 40. b3 axb3 41. axb3 Rg8 42. Rh7 Rxg3 43. Rh6+ Kc7 44. Rxh5 Rf3 45. Rf5 Kd7
46. Rf6 Kc7 47. f5 Kb6 48. b4 Rf4+ 49. Kd3 Kc7 50. Ke3 Rc4 51. Kd3 Kd7 52. Rh6
Ke7 53. Re6+ Kf7 54. Rd6 Ke7 55. Re6+ Kf7 56. Rh6 Kg7 57. Rd6 Kf7 58. f6 Kg6
59. Kd2 Kf7 1/2-1/2

[Event "British Columbia-ch w"]
[Site "Vancouver CAN"]
[Date "2003.07.02"]
[Round "5"]
[White "Wang, Yamei"]
[Black "Goutor, Valentina"]
[Result "1-0"]
[WhiteElo "1943"]
[BlackElo "1800"]
[PlyCount "81"]
[EventDate "2003.06.30"]
[EventType "tourn"]
[EventRounds "6"]
[EventCountry "CAN"]

1. e4 c5 2. c3 d5 3. exd5 Qxd5 4. d4 g6 5. Nf3 Bg7 6. Be3 cxd4 7. cxd4 Nh6 8.
Nc3 Qa5 9. Qb3 O-O 10. Bc4 Nd7 11. O-O Nf5 12. Ne4 Nb6 13. Nc5 Nxc4 14. Qxc4
Nxe3 15. fxe3 b6 16. Nb3 Qa6 17. Qc7 Bf6 18. e4 Bg4 19. Qf4 Bxf3 20. Qxf3 Rac8
21. e5 Bg5 22. d5 Qb7 23. Nd4 Qd7 24. Rad1 Rc5 25. Ne6 Rcc8 26. Nxg5 f6 27. Ne6
Rf7 28. Rd2 Qe8 29. Rdf2 Qd7 30. exf6 Rxf6 31. Qb3 Rxf2 32. Rxf2 Rc1+ 33. Rf1
Qc8 34. Rd1 h5 35. Qd3 Rxd1+ 36. Qxd1 Qc4 37. b3 Qe4 38. Qf1 Qe3+ 39. Kh1 Qc3
40. Qf8+ Kh7 41. Ng5# 1-0

[Event "British Columbia-ch w"]
[Site "Vancouver CAN"]
[Date "2003.07.02"]
[Round "6"]
[White "Cheng, Lesley"]
[Black "Tang, Tiffany"]
[Result "0-1"]
[WhiteElo "1372"]
[BlackElo "1551"]
[PlyCount "58"]
[EventDate "2003.06.30"]
[EventType "tourn"]
[EventRounds "6"]
[EventCountry "CAN"]

1. d4 Nf6 2. c4 g6 3. Nc3 Bg7 4. e4 d6 5. Nf3 O-O 6. Be2 e5 7. O-O Nc6 8. d5
Ne7 9. Be3 Nd7 10. Rc1 f5 11. Ng5 Nf6 12. Qd2 f4 13. Bxf4 exf4 14. Qxf4 Nfxd5
15. Qh4 h6 16. exd5 Nf5 17. Qf4 hxg5 18. Qd2 Nd4 19. Bd3 Bf5 20. Ne4 g4 21.
Rcd1 Qh4 22. Qe3 Rae8 23. Rfe1 Be5 24. Ng3 Bxg3 25. Qxg3 Qxg3 26. hxg3 Rxe1+
27. Rxe1 Bxd3 28. Re3 Bf5 29. Re7 Rf7 0-1

[Event "British Columbia-ch w"]
[Site "Vancouver CAN"]
[Date "2003.07.02"]
[Round "6"]
[White "Goutor, Valentina"]
[Black "Wang, Yamei"]
[Result "1-0"]
[WhiteElo "1801"]
[BlackElo "1943"]
[PlyCount "121"]
[EventDate "2003.06.30"]
[EventType "tourn"]
[EventRounds "6"]
[EventCountry "CAN"]

1. e4 c6 2. Nc3 d5 3. Nf3 dxe4 4. Nxe4 Bf5 5. Ng3 Bg6 6. h4 h6 7. Ne5 Bh7 8.
Qf3 Nf6 9. Qb3 Qc7 10. Qxf7+ Kd8 11. Qe6 Bg8 12. Qf5 e6 13. Qf4 Bd6 14. Qd4 c5
15. Qd3 Bh7 16. Nf7+ Ke7 17. Qxd6+ Qxd6 18. Nxd6 Kxd6 19. d3 Nc6 20. Be3 Nb4
21. Kd2 Rhf8 22. Be2 c4 23. a3 Nbd5 24. dxc4 Nxe3 25. fxe3 Rac8 26. Bd3 Bg8 27.
b4 b6 28. Rhf1 Ke7 29. e4 Rfd8 30. Ke2 Ng4 31. Rf4 Ne5 32. Nf1 Nxc4 33. Bxc4
Rxc4 34. Ne3 Rc3 35. Rf3 Rc7 36. Rd1 Rd6 37. Rxd6 Kxd6 38. Kd3 e5 39. c4 Be6
40. Rf1 Rd7 41. a4 a6 42. Kc3 Kc6 43. Nd5 b5 44. axb5+ axb5 45. cxb5+ Kxb5 46.
Ra1 Bxd5 47. Ra5+ Kb6 48. Rxd5 Rc7+ 49. Kb3 Re7 50. Kc4 Kc6 51. b5+ Kc7 52. Kc5
Re6 53. b6+ Rxb6 54. Rd7+ Kxd7 55. Kxb6 Ke7 56. Kc5 Kf6 57. g4 g6 58. Kd6 Kf7
59. Kxe5 Ke7 60. h5 gxh5 61. gxh5 1-0

[Event "CAN-ch U20 2003"]
[Site "Shawinigan CAN"]
[Date "2003.01.03"]
[Round "1.1"]
[White "Charbonneau, Anne-Marie"]
[Black "Divljan, Igor"]
[Result "1-0"]
[WhiteElo "1900"]
[BlackElo "2286"]
[PlyCount "97"]
[EventDate "2003.01.03"]
[EventType "swiss"]
[EventRounds "7"]
[EventCountry "CAN"]

1. d4 Nf6 2. c4 e6 3. Nf3 b6 4. a3 Ba6 5. e3 c5 6. Be2 cxd4 7. Nxd4 Bb7 8. O-O
Be7 9. b3 O-O 10. Bb2 a6 11. Nd2 d6 12. Bf3 Qc7 13. Rc1 Nbd7 14. Qc2 Rac8 15.
Qb1 Nc5 16. Ba1 Rfe8 17. Rfd1 Bxf3 18. N2xf3 Qb7 19. Ne1 Rc7 20. Nd3 Rec8 21.
Ne2 Nfd7 22. Nef4 b5 23. cxb5 axb5 24. Ne2 Qa6 25. Nxc5 Nxc5 26. b4 Nd7 27.
Rxc7 Rxc7 28. Rc1 Rxc1+ 29. Qxc1 Nb6 30. Nc3 Nc4 31. Nb1 d5 32. Qc2 Bxb4 33.
Bxg7 Nxa3 34. Nxa3 Qxa3 35. Bb2 Qa2 36. h3 Qc4 37. Qb1 Bf8 38. Qa1 Qc6 39. Qa7
Qc2 40. Qd4 Qb1+ 41. Kh2 Bd6+ 42. f4 Kf8 43. Qh8+ Ke7 44. Bf6+ Kd7 45. Qd8+ Kc6
46. Qc8+ Bc7 47. Be5 Kc5 48. Qxc7+ Kb4 49. Qxf7 1-0

[Event "CAN-ch U20 2003"]
[Site "Shawinigan CAN"]
[Date "2003.01.03"]
[Round "1.2"]
[White "Wang, Hao Yuan"]
[Black "Palmer, Jordan"]
[Result "1-0"]
[WhiteElo "2275"]
[BlackElo "1881"]
[PlyCount "127"]
[EventDate "2003.01.03"]
[EventType "swiss"]
[EventRounds "7"]
[EventCountry "CAN"]

1. e4 c5 2. Nf3 Nc6 3. Bb5 e6 4. O-O Nge7 5. b3 a6 6. Bxc6 Nxc6 7. Bb2 d5 8.
exd5 exd5 9. d4 Qf6 10. Nc3 Be6 11. dxc5 Rd8 12. Na4 d4 13. Qd3 Be7 14. Nd2 Nb4
15. Qg3 Nxc2 16. Rad1 Nb4 17. Nf3 Nc6 18. Bc1 h6 19. Bf4 O-O 20. Ne5 Bd5 21.
Nxc6 Bxc6 22. Be5 Qg5 23. Bxd4 Bxa4 24. bxa4 Rd7 25. Be3 Qxg3 26. hxg3 Rfd8 27.
Rxd7 Rxd7 28. Rc1 Rc7 29. Kf1 Kf8 30. Ke2 Ke8 31. Kd3 Kd7 32. g4 Ke6 33. Ke4 g6
34. g3 Bf8 35. f3 Be7 36. Kd4 g5 37. Ke4 Bf8 38. Bd4 Bd6 39. Rh1 Bxc5 40. Rxh6+
Kd7 41. Be5 Rc8 42. Kf5 Be3 43. Rd6+ Ke8 44. Rd3 Bc1 45. Rc3 Rxc3 46. Bxc3 Be3
47. Bf6 Bf2 48. Be5 Be3 49. Kf6 Bd2 50. Bd4 Bc1 51. Be5 Be3 52. f4 gxf4 53.
gxf4 Bc5 54. f5 Kf8 55. Bf4 Be7+ 56. Ke5 Ke8 57. f6 Bc5 58. Kd5 Bb4 59. Bd6 Bc3
60. g5 Bd2 61. g6 fxg6 62. Ke6 Bh6 63. Be7 g5 64. f7# 1-0

[Event "CAN-ch U20 2003"]
[Site "Shawinigan CAN"]
[Date "2003.01.03"]
[Round "1.3"]
[White "Wong, Wylon"]
[Black "Tang, Charlie"]
[Result "0-1"]
[WhiteElo "1869"]
[BlackElo "2274"]
[PlyCount "50"]
[EventDate "2003.01.03"]
[EventType "swiss"]
[EventRounds "7"]
[EventCountry "CAN"]

1. d4 Nf6 2. g3 d5 3. Bg2 c5 4. Nf3 cxd4 5. Nxd4 e5 6. Nf3 Nc6 7. O-O Be7 8. b3
O-O 9. Bb2 Qc7 10. Nbd2 Bf5 11. e3 Rad8 12. Qc1 Rfe8 13. c4 d4 14. exd4 exd4
15. Re1 Bc5 16. a3 a5 17. Rxe8+ Rxe8 18. Qf1 Qd6 19. Ne1 d3 20. Bf3 Nd4 21.
Bxd4 Qxd4 22. Ng2 Ng4 23. Bxg4 Bxg4 24. Nf4 g5 25. Nd5 Re2 0-1

[Event "CAN-ch U20 2003"]
[Site "Shawinigan CAN"]
[Date "2003.01.03"]
[Round "1.4"]
[White "Predescu, Sebastian"]
[Black "McDonald, Justin"]
[Result "1-0"]
[WhiteElo "2214"]
[BlackElo "1826"]
[PlyCount "103"]
[EventDate "2003.01.03"]
[EventType "swiss"]
[EventRounds "7"]
[EventCountry "CAN"]

1. e4 e5 2. Nf3 Nc6 3. d4 exd4 4. Nxd4 Nf6 5. Nc3 d6 6. Be2 Be7 7. Be3 O-O 8.
O-O Be6 9. Nxe6 fxe6 10. f4 d5 11. e5 Nd7 12. Bg4 Nc5 13. Ne2 Qd7 14. Kh1 a5
15. c4 Rad8 16. cxd5 Qxd5 17. Qxd5 exd5 18. Rad1 Kh8 19. g3 Nb4 20. a3 Nba6 21.
Nd4 c6 22. Be2 Nc7 23. g4 N5e6 24. Nf5 Rd7 25. Nxe7 Rxe7 26. f5 d4 27. Bg1 Nd8
28. Bxd4 Ree8 29. e6 Nd5 30. Bc4 Nc7 31. f6 gxf6 32. Bxf6+ Kg8 33. Bxd8 Rxf1+
34. Bxf1 Nxe6 35. Bh4 Kf8 36. Bc4 b5 37. Ba2 c5 38. Bd5 c4 39. Rf1+ Kg7 40. Re1
Nc7 41. Rxe8 Nxe8 42. Bc6 Nd6 43. Bg3 Nc8 44. Bxb5 Nb6 45. Bc7 Nd5 46. Bxa5 Ne3
47. h3 Kf6 48. Bd2 Nd1 49. Bxc4 Nf2+ 50. Kg2 Ne4 51. Be1 Ke5 52. Bd3 1-0